|
|
|
|
| LEADER |
01444nam a2200397 a 4500 |
| 001 |
001235077 |
| 003 |
CZ BrMZK |
| 005 |
20260327075003.0 |
| 007 |
ta |
| 008 |
120727s2012 sp g 000 f spa |
| 020 |
|
|
|a 978-84-15130-31-4
|q (brož.)
|
| 040 |
|
|
|a BOA001
|b cze
|
| 041 |
1 |
|
|a spa
|h cze
|
| 045 |
|
|
|a x3x4
|
| 072 |
|
7 |
|a 821.162.3-3
|x Česká próza
|2 Konspekt
|9 25
|
| 080 |
|
|
|a 821.162.3-32
|2 MRF
|
| 080 |
|
|
|a 323.28
|2 MRF
|
| 080 |
|
|
|a 323.12"1939/1945"
|2 MRF
|
| 080 |
|
|
|a (=411.16)
|2 MRF
|
| 080 |
|
|
|a (0:82-32)
|2 MRF
|
| 100 |
1 |
|
|a Lustig, Arnošt,
|d 1926-2011
|7 jk01072683
|4 aut
|
| 245 |
1 |
4 |
|a Una oración por Kateřina Horovitzová /
|c Arnošt Lustig ; traducción del checo a cargo de Patricia Gonzalo de Jesús
|
| 250 |
|
|
|a 1a ed. en Empedimenta
|
| 260 |
|
|
|a Madrid :
|b Impedimenta,
|c 2012
|
| 300 |
|
|
|a 160 s. ;
|c 20 cm
|
| 500 |
|
|
|a Přeloženo z češtiny
|
| 648 |
|
7 |
|a 1939-1945
|7 ch460653
|2 czenas
|
| 650 |
0 |
7 |
|a Židé
|7 ph127782
|x perzekuce
|y 1939-1945
|2 czenas
|
| 650 |
0 |
7 |
|a holocaust, 1939-1945
|7 ph117203
|2 czenas
|
| 655 |
|
7 |
|a české novely
|7 fd133969
|2 czenas
|
| 765 |
0 |
|
|t Modlitba pro Kateřinu Horovitzovou
|9 Španělsky
|
| 910 |
|
|
|a BOA001
|b M2-1288.536
|
| 990 |
|
|
|a BK
|
| 991 |
|
|
|b 201209
|e b
|
| 996 |
7 |
|
|b 2610518553
|c M2-1288.536
|l MZK
|r Sklad / do 24 hodin
|n 1
|p dar
|w 001269710
|u 000010
|a 1
|e BOA001
|j MZK50
|s A
|
| 996 |
7 |
|
|b 2611029107
|c M2-1288.536
|l Vol.výběr
|r VV 1p
|n 0
|p dar
|h AL ORA
|w 001269710
|u 000020
|a 0
|e BOA001
|j MZK50
|s A
|